书目信息 |
| 题名: |
重塑科学家与工程师的研究生教育
|
|
| 作者: | 美国科学、工程与公共政策委员会 编 | |
| 分册: | ||
| 出版信息: | 北京 科学技术文献出版社 1999.03 |
|
| 页数: | 253页 | |
| 开本: | 32开 | |
| 丛书名: | ||
| 单 册: | ||
| 中图分类: | G649.712 | |
| 科图分类: | ||
| 主题词: | 教育--各级 | |
| 电子资源: | ||
| ISBN: | 7-5023-3244-8 | |
| 000 | 00743nam0 2200193 45 | |
| 001 | 0009301568 | |
| 005 | 20001212104036.7 | |
| 010 | @a7-5023-3244-8@d23.00元 | |
| 100 | @a20000930d1999 km y0chiy0120 ea | |
| 101 | 0 | @achi |
| 105 | @a z 000yy | |
| 200 | 1 | @a重塑科学家与工程师的研究生教育@AZhong Su Ke Xue Jia Yu Gong Cheng Shi De Yan Jiu Sheng Jiao Yu@f(美)美国科学、工程与公共政策委员会编;徐远超等译@F(Mei)Mei Guo Ke Xue、Gong Cheng Yu Gong Gong Zheng Ce Wei Yuan Hui Bian;Xu Yuan Chao Deng Yi |
| 210 | @a北京@c科学技术文献出版社@d1999.03 | |
| 215 | @a253页@d32开 | |
| 606 | 0 | @a教育@x各级 |
| 690 | @aG649.712@v3 | |
| 701 | 0 | @a美国科学、工程与公共政策委员会@4编 |
| 801 | @aCN@bPftUser@c20000930 | |
| 905 | @dG649.712@eK:282@b306841-843@f3 | |
| 重塑科学家与工程师的研究生教育/(美)美国科学、工程与公共政策委员会编;徐远超等译.-北京:科学技术文献出版社,1999.03 |
| 253页;32开 |
| ISBN 7-5023-3244-8:23.00元 |
| ● |
| 相关链接 |
|
|
|
正题名:重塑科学家与工程师的研究生教育
索取号:G649.712/K:282
 
预约/预借
| 序号 | 登录号 | 条形码 | 馆藏地/架位号 | 状态 | 备注 |
| 1 | 306841 | 203068410 | 社科库409/409社科库 15排4列4层/ [索取号:G649.712/K:282] | 在馆 | |
| 2 | 306842 | 203068429 | 社科二线422/422社科库 40排4列2层/ [索取号:G649.712/K:282] | 在馆 | |
| 3 | 306843 | 203068438 | 社科库409/409社科库 15排4列4层/ [索取号:G649.712/K:282] | 在馆 |